000 00456cam a22001097a 4500
008 180718b1958 xxu||||| |||| 00| 0 eng d
082 _aB7x42 Un3l
245 _aLabour relations and working conditions in Britain
_cby Reference Division, Central Office of Information, United Kingdom
260 _aLondon
_bReference Division, Central Office of Information
_c1958
300 _a56p.
700 _aUnited Kingdom. Central Office of Information. Reference Division
999 _c488485
_d488485